|
|
|
|
| LEADER |
00000nab a2200000 a 4500 |
| 001 |
vtls000282907 |
| 003 |
SK-MaSNL |
| 005 |
20260304061942.0 |
| 008 |
250422c1986 xo 0 slo |
| 015 |
|
|
|a SNBRA19rr/mm-uuuuu
|
| 035 |
|
|
|a CL0293025
|
| 035 |
|
|
|a urn:nbn:sk:snk-ab9zya
|
| 035 |
|
|
|a (urnnbn)urn:nbn:sk:snk:ar-a0971p
|
| 035 |
|
|
|a (uuid)65364eeb-171e-4fa2-a470-6d72b317355c
|
| 040 |
|
|
|a SNKBUCL
|b slo
|c SNKBUCL
|e AACR2
|
| 041 |
0 |
|
|a cze
|
| 044 |
|
|
|a xo
|c SK
|
| 080 |
|
|
|a 502.72:631.459
|2 1981
|
| 080 |
|
|
|a 631.459
|2 1981
|
| 100 |
1 |
|
|a Zapletal, Ivan,
|d 1932-
|4 aut
|9 219118
|
| 245 |
1 |
0 |
|a Protierozívne opatrenia v Austrálskom národnom parku
|c Ivan Zapletal
|
| 300 |
|
|
|b Obr. 1.
|
| 650 |
0 |
7 |
|a národné parky
|2 snkbucl
|9 3797
|
| 651 |
|
7 |
|a Koociusko (Austrália : národný park)
|2 snkbucl
|9 1346783
|
| 655 |
|
7 |
|a články zo zborníkov
|2 snkbucl
|9 166140
|
| 773 |
0 |
|
|t Chránené územia Slovenska 6
|d Bratislava : Obzor, 1986
|g S. 88-89
|
| 850 |
|
|
|a Slovenská národná knižnica
|
| 852 |
|
|
|a Slovenská národná knižnica
|
| 954 |
|
|
|a odborná, vedecká literatúra cudzojazyčná (svetová)
|2 lita
|
| 958 |
|
|
|a article13
|
| 958 |
|
|
|a RK
|
| 958 |
|
|
|a CZ
|
| 958 |
|
|
|a OND
|
| 958 |
|
|
|a EUIPO
|
| 992 |
|
|
|a RZB
|
| 999 |
|
|
|c 2735855
|d 2737785
|